000 00210nam a22000977a 4500
999 _c16184
_d16184
003 OSt
008 200617b ||||| |||| 00| 0 eng d
100 _aGaret Rogers
_94603
245 _aScandal in Eden
942 _cBK